The mathematics of surfaces (Record no. 82764)

MARC details
000 -LEADER
fixed length control field 00740nam a2200169 a 4500
008 - FIXED-LENGTH DATA ELEMENTS--GENERAL INFORMATION
fixed length control field 120416s1986 ||||||||||||||||| || u
020 ## - INTERNATIONAL STANDARD BOOK NUMBER
International Standard Book Number 0198536097
050 ## - LIBRARY OF CONGRESS CALL NUMBER
Classification number QA 571 Mat
100 ## - MAIN ENTRY--PERSONAL NAME
Personal name Gregory, J. A
245 14 - TITLE STATEMENT
Title The mathematics of surfaces
Statement of responsibility, etc. edited by J. A. Gregory
260 ## - PUBLICATION, DISTRIBUTION, ETC.
Place of publication, distribution, etc. Oxford:
Name of publisher, distributor, etc. Clarendon
Date of publication, distribution, etc. 1986
350 ## -
-- 0.00
650 ## - SUBJECT ADDED ENTRY--TOPICAL TERM
Topical term or geographic name entry element MATHEMATICS OF SURFACES
650 #0 - SUBJECT ADDED ENTRY--TOPICAL TERM
Topical term or geographic name entry element MATHEMATICS--HANDBOOKS, MANUALS, ETC
995 ## -
-- MAIN LIBRARY OPEN ACCESS
-- 0.00
-- 728002
-- CBU-MAIN LIBRARY (Kitwe)
-- 2
-- 50.00
-- QA 571 Mat
-- 1
-- AVAILABLE
-- 026079
-- Main Library Open Access Collection
995 ## -
-- MAIN LIBRARY OPEN ACCESS
-- 0.00
-- 728001
-- CBU-MAIN LIBRARY (Kitwe)
-- 1
-- 50.00
-- QA 571 Mat
-- 2
-- AVAILABLE
-- 026150
-- Main Library Open Access Collection
999 ## -
-- 82764
-- 82764
Holdings
Withdrawn status Lost status Source of classification or shelving scheme Damaged status Not for loan Permanent Location Current Location Shelving location Date acquired Total Checkouts Full call number Barcode Date last seen Copy number Price effective from Koha item type
          CBU-MAIN LIBRARY, KITWE. CBU-MAIN LIBRARY, KITWE.   09/29/2023   QA 571 Mat 026079 09/29/2023 1 09/29/2023 MONOGRAPH
          CBU-MAIN LIBRARY, KITWE. CBU-MAIN LIBRARY, KITWE.   09/29/2023   QA 571 Mat 026150 09/29/2023 2 09/29/2023 MONOGRAPH